000 00629nam a22002177a 4500
003 OSt
005 20170123151105.0
008 170123b xxu||||| |||| 00| 0 eng d
020 _a0443061920
040 _cDMLN
082 _aWU100 M393p 2003
100 _aCoulthard, Paul [et...al]
_911435
245 _aMaster Dentistry: Oral and Maxillofacial Surgery, Radiology, Pathology, and Oral Medicine
260 _aEdinburgh; Churchill, 2003
300 _avii,267p; ill: 26.5cm
504 _aIndex included
650 _aOral Suegrey
_911436
650 _aMCQs Dental
_911437
650 _aDentistry
_93762
942 _2z
_cO_SHELF
999 _c5477
_d5477